00541 2200169 4500245006700000020002200067250001100089100002400100650002000124005001900144260002700163041001400190084000800204300002700212500012300239336000900362 aDua Wajah b : Cinta Si Buruk RupacT. Sandi SitumoranghText a978-979-29-1589-1 aCet. 1 aT. Sandi Situmorang aNovel Indonesia a20231006135025 aYogyakartabANDIc2010 aIndonesia a813 aiv, 124 hlm. :c19 cm. adendam untuk mendapatkan gadis pujaannya. tapi, apa yang akan dilakukan han dengan keadaannya yang (emang) mengenaskan atext